000 00343nam a2200145Ia 4500
008 150201s2007 xx 000 0 und d
082 _a617.525
_bC2007T
100 _aTHALLER
245 _aCRANIOFACIAL SURGERY
250 _a1ST
260 _bINFORMA HEALTH CARE
_aU.S.A
_c2007
300 _a1-395
650 _aORAL SURGERY
942 _2ddc
_cBK
999 _c4155
_d4155